[Event "4NCL/Div4/CONQ1 vs. LEICS"]
[Site "West Bromwich ENG"]
[Date "2006.12.02"]
[Round "3.5"]
[White "Winchcombe, Andrew"]
[Black "Bingham, James T"]
[Result "1/2-1/2"]
[WhiteElo "1895"]
[BlackElo "2055"]
[PlyCount "116"]
[EventDate "2006.12.02"]
[EventType "team"]
[EventRounds "11"]
[EventCountry "ENG"]
[WhiteTeam "Conquistadors 1"]
[BlackTeam "Leicester"]

1. e4 c5 2. Nf3 d6 3. d4 cxd4 4. Nxd4 Nf6 5. Nc3 a6 6. Bg5 Nbd7 7. Bc4 e6 8.
O-O Be7 9. Re1 h6 10. Bh4 Qc7 11. Bb3 Ne5 12. f4 Ng6 13. Bg3 O-O 14. f5 exf5
15. Nxf5 Bxf5 16. exf5 Qc5+ 17. Kh1 Qxf5 18. Nd5 Nxd5 19. Bxd5 Qd7 20. Qd3 Kh8
21. Rad1 Bf6 22. c3 Rae8 23. Bb3 Be5 24. Rf1 Bxg3 25. Qxg3 Ne5 26. Rf4 f5 27.
Rfd4 Rf6 28. h3 g5 29. Qf2 f4 30. Bd5 f3 31. Qg3 Qb5 32. Bxf3 Nxf3 33. gxf3
Qxb2 34. Rxd6 Qxc3 35. Rxf6 Qxf6 36. Qf2 Rf8 37. Rd3 Qe6 38. Kg2 Rf4 39. Rd8+
Kg7 40. Qb2+ Kg6 41. Qd2 Rf6 42. Rd7 b5 43. Rd5 Qc6 44. Qd3+ Kh5 45. Qe4 Qc4
46. Rd4 Qxa2+ 47. Kg3 Qe6 48. Qd3 Qe5+ 49. Kg2 Re6 50. Re4 Qb2+ 51. Kg3 Rxe4
52. Qxe4 Qh8 53. Qg4+ Kg6 54. Qe4+ Kf7 55. Qb7+ Kg8 56. Qd5+ Kg7 57. Qe5+ Kg8
58. Qe6+ Kh7 1/2-1/2

[Event "4NCL/Div4/CONQ1 vs. LEICS"]
[Site "West Bromwich ENG"]
[Date "2006.12.02"]
[Round "3.6"]
[White "Hewitt, Sean D"]
[Black "Auckland, Elliott"]
[Result "0-1"]
[WhiteElo "1945"]
[BlackElo "1850"]
[PlyCount "124"]
[EventDate "2006.12.02"]
[EventType "team"]
[EventRounds "11"]
[EventCountry "ENG"]
[WhiteTeam "Leicester"]
[BlackTeam "Conquistadors 1"]

1. e4 c5 2. Nc3 e6 3. Bc4 a6 4. a4 Nc6 5. d3 d6 6. f4 Nf6 7. Nf3 d5 8. exd5
exd5 9. Ba2 Qe7+ 10. Ne2 g6 11. O-O Bg7 12. Ng3 O-O 13. Re1 Qc7 14. c3 Bg4 15.
h3 Bd7 16. Be3 b6 17. Qd2 Bh6 18. Ne2 Rae8 19. g4 Bxg4 20. hxg4 Nxg4 21. Bf2
Nce5 22. Bxd5 Nxf2 23. Kxf2 Ng4+ 24. Kg3 Nf6 25. Rh1 Rxe2 26. Qxe2 Qxf4+ 27.
Kf2 Nxd5 28. Rae1 Nf6 29. Rh4 Ng4+ 30. Kg1 Bg5 31. Rh3 Nf6 32. Nxg5 Qxg5+ 33.
Qg2 Qxg2+ 34. Kxg2 Rd8 35. Rf3 Kg7 36. Re7 Rd6 37. Rb7 g5 38. d4 cxd4 39. cxd4
Nd7 40. Re3 Kf8 41. Ra7 Rxd4 42. Rxa6 Rd2+ 43. Kg3 Rxb2 44. Ra8+ Kg7 45. Re7
Rb3+ 46. Kg4 Nf6+ 47. Kxg5 Rh3 48. Raa7 Rh5+ 49. Kf4 Kg6 50. Rxf7 Rf5+ 51. Ke3
Ng4+ 52. Ke4 Rxf7 53. Ra6 Rf6 54. a5 bxa5 55. Rxa5 h5 56. Ra8 Nh6 57. Ra1 h4
58. Rg1+ Kh5 59. Ke5 Rf5+ 60. Ke4 h3 61. Rh1 Kh4 62. Rg1 h2 0-1

[Event "4NCL/Div4/PPA2 vs. CELT"]
[Site "West Bromwich ENG"]
[Date "2006.12.02"]
[Round "3.1"]
[White "Byway, Paul"]
[Black "Thomas, Robert K"]
[Result "0-1"]
[WhiteElo "2184"]
[BlackElo "2132"]
[PlyCount "88"]
[EventDate "2006.12.02"]
[EventType "team"]
[EventRounds "11"]
[EventCountry "ENG"]
[WhiteTeam "Poisnd Pawns 2"]
[BlackTeam "Celtic Tigers"]

1. d4 e6 2. Nf3 d5 3. Bf4 c5 4. c3 Nf6 5. e3 Bd6 6. Bg3 Nc6 7. Nbd2 O-O 8. Bd3
Bxg3 9. hxg3 Qd6 10. Qc2 h6 11. Bb5 a6 12. Bxc6 bxc6 13. Ne5 cxd4 14. cxd4 Bb7
15. O-O a5 16. Rfc1 Rfc8 17. Qc5 Qd8 18. Rc3 Ne8 19. Rac1 f6 20. Nd3 Nd6 21. a4
Ba6 22. Qa3 Bxd3 23. Rxd3 e5 24. Rdc3 Qd7 25. Qc5 exd4 26. exd4 Rab8 27. b3 Rb4
28. Nf3 Ne4 29. Qxa5 Nxc3 30. Rxc3 Qb7 31. Qc5 Rxb3 32. Rxb3 Qxb3 33. a5 Qb5
34. Qa7 Kh8 35. Nh4 Rb8 36. Qd7 Qb7 37. Qe6 Qc8 38. Qf7 Qe8 39. Qc7 Rb1+ 40.
Kh2 g5 41. Qd6 gxh4 42. Qxf6+ Kg8 43. Qxh6 hxg3+ 44. fxg3 Rb7 0-1

[Event "4NCL/Div4/PPA2 vs. CELT"]
[Site "West Bromwich ENG"]
[Date "2006.12.02"]
[Round "3.2"]
[White "French, Angus"]
[Black "Goodger, Martyn"]
[Result "0-1"]
[WhiteElo "2105"]
[BlackElo "2096"]
[PlyCount "58"]
[EventDate "2006.12.02"]
[EventType "team"]
[EventRounds "11"]
[EventCountry "ENG"]
[WhiteTeam "Celtic Tigers"]
[BlackTeam "Poisnd Pawns 2"]

1. e4 e5 2. Nf3 Nf6 3. Nc3 Nc6 4. d4 exd4 5. Nxd4 Bb4 6. Nxc6 bxc6 7. Bd3 d5 8.
exd5 cxd5 9. O-O O-O 10. Bg5 c6 11. Na4 h6 12. Bh4 Bd6 13. Re1 Rb8 14. c3 c5
15. Bc2 Bd7 16. Bxf6 Qxf6 17. Qxd5 Bxa4 18. Bxa4 Rxb2 19. Rf1 Rd8 20. Qc4 Be5
21. Rab1 Rxb1 22. Rxb1 Rd2 23. Qxc5 Bd4 24. Qc6 Qxf2+ 25. Kh1 Re2 26. h3 Re1+
27. Rxe1 Qxe1+ 28. Kh2 Bg1+ 29. Kh1 Bf2+ 0-1

[Event "4NCL/Div4/PPA2 vs. CELT"]
[Site "West Bromwich ENG"]
[Date "2006.12.02"]
[Round "3.3"]
[White "Taylor, Robert K"]
[Black "Evans, Craig"]
[Result "1/2-1/2"]
[WhiteElo "2126"]
[BlackElo "2030"]
[PlyCount "106"]
[EventDate "2006.12.02"]
[EventType "team"]
[EventRounds "11"]
[EventCountry "ENG"]
[WhiteTeam "Poisnd Pawns 2"]
[BlackTeam "Celtic Tigers"]

1. e4 e5 2. Nf3 Nc6 3. c3 d5 4. Bb5 dxe4 5. Nxe5 Qd5 6. Qa4 Nge7 7. f4 exf3 8.
Nxf3 a6 9. Bxc6+ Qxc6 10. Qxc6+ Nxc6 11. d4 Bd6 12. Nbd2 Bg4 13. O-O f6 14. Ne4
O-O-O 15. Nxd6+ Rxd6 16. b3 Re8 17. Ba3 Rdd8 18. Rae1 Bxf3 19. gxf3 Kd7 20. Kf2
Rxe1 21. Rxe1 Re8 22. Re4 Ne7 23. Rh4 h6 24. Rh5 Ng6 25. Bc1 b6 26. Be3 Re7 27.
a4 Re8 28. c4 Re6 29. Rh3 Ne7 30. Rh5 Ng6 31. a5 bxa5 32. Rxa5 Rb6 33. Ra3 Ne7
34. d5 Rb8 35. Ba7 Ra8 36. Bc5 c6 37. Bxe7 Kxe7 38. dxc6 Kd6 39. b4 Kxc6 40.
Rxa6+ Rxa6 41. b5+ Kb6 42. bxa6 Kxa6 43. Ke3 Kb6 44. h4 g5 45. h5 f5 46. Kd4 g4
47. fxg4 fxg4 48. Ke4 Kc5 49. Kf4 Kxc4 50. Kxg4 Kd5 51. Kf5 Kd6 52. Kf6 Kd7 53.
Kg7 Ke7 1/2-1/2

[Event "4NCL/Div4/PPA2 vs. CELT"]
[Site "West Bromwich ENG"]
[Date "2006.12.02"]
[Round "3.4"]
[White "Fathallah, Joe"]
[Black "Bailey, Kevin"]
[Result "0-1"]
[WhiteElo "1922"]
[BlackElo "2120"]
[PlyCount "62"]
[EventDate "2006.12.02"]
[EventType "team"]
[EventRounds "11"]
[EventCountry "ENG"]
[WhiteTeam "Celtic Tigers"]
[BlackTeam "Poisnd Pawns 2"]

1. d4 d5 2. c4 e6 3. Nf3 Nf6 4. Nc3 Be7 5. Bg5 h6 6. Bf4 O-O 7. e3 c5 8. Be2
Nc6 9. Rg1 Qa5 10. a3 dxc4 11. Bxc4 cxd4 12. exd4 Ne4 13. Qc1 Nxc3 14. bxc3 Bf6
15. Kf1 e5 16. Bxh6 gxh6 17. d5 Ne7 18. Qxh6 Bg7 19. Qh4 Ng6 20. Qg5 Qc5 21.
Nd2 b5 22. h4 bxc4 23. h5 Qxd5 24. Rh1 Qd3+ 25. Kg1 Qf5 26. Qe3 Nf4 27. h6 Bf6
28. Ne4 Bb7 29. f3 Bxe4 30. fxe4 Qg4 31. g3 Rad8 0-1

[Event "4NCL/Div4/PPA2 vs. CELT"]
[Site "West Bromwich ENG"]
[Date "2006.12.02"]
[Round "3.5"]
[White "Retallick, Lloyd"]
[Black "Kitchen, Peter J"]
[Result "1/2-1/2"]
[WhiteElo "2065"]
[BlackElo "1860"]
[PlyCount "57"]
[EventDate "2006.12.02"]
[EventType "team"]
[EventRounds "11"]
[EventCountry "ENG"]
[WhiteTeam "Poisnd Pawns 2"]
[BlackTeam "Celtic Tigers"]

1. d4 e6 2. c4 d5 3. Nc3 Nf6 4. cxd5 exd5 5. Bg5 Be7 6. e3 O-O 7. Bd3 c6 8. Qc2
Nbd7 9. Nf3 Re8 10. O-O Nf8 11. Rab1 a5 12. a3 g6 13. b4 axb4 14. axb4 Ne6 15.
Bxf6 Bxf6 16. Rfc1 Qd6 17. Na4 Bd7 18. Nc5 Qc7 19. b5 Nxc5 20. Qxc5 Be7 21.
Qxd5 Be6 22. Qe5 Bd6 23. Qg5 Ba2 24. b6 Qd8 25. Ra1 Qxb6 26. Qh4 Ra5 27. Ne5
Bxe5 28. dxe5 Raxe5 29. Qf4 1/2-1/2

[Event "4NCL/Div4/PPA2 vs. CELT"]
[Site "West Bromwich ENG"]
[Date "2006.12.02"]
[Round "3.6"]
[White "Larter, Nick"]
[Black "Jeffries, Majid"]
[Result "0-1"]
[WhiteElo "1706"]
[BlackElo "2014"]
[PlyCount "116"]
[EventDate "2006.12.02"]
[EventType "team"]
[EventRounds "11"]
[EventCountry "ENG"]
[WhiteTeam "Celtic Tigers"]
[BlackTeam "Poisnd Pawns 2"]

1. e4 c5 2. c4 Nc6 3. Nc3 g6 4. g3 Bg7 5. Bg2 d6 6. Nge2 Bg4 7. O-O Nd4 8. f3
Bd7 9. Rb1 Rc8 10. d3 e6 11. Be3 Ne7 12. Qd2 O-O 13. b4 b6 14. bxc5 dxc5 15.
Bxd4 cxd4 16. Nb5 Bxb5 17. Rxb5 Qd7 18. Rfb1 Rc7 19. f4 Nc8 20. e5 Rd8 21. Qd1
Bf8 22. a4 a6 23. R5b2 Rc5 24. Qe1 Be7 25. a5 bxa5 26. Bb7 f6 27. exf6 Bxf6 28.
Bxa6 Nd6 29. Rb8 e5 30. Rxd8+ Qxd8 31. fxe5 Rxe5 32. Qd1 Bg5 33. Nf4 Qf6 34.
Rb8+ Kg7 35. Qc1 Nf7 36. Bb5 Qd6 37. Re8 Rf5 38. Re4 Re5 39. Rxe5 Qxe5 40. Qf1
Qe3+ 41. Kg2 Nd6 42. Bd7 Qd2+ 43. Kh3 Bxf4 44. Qxf4 Qxf4 45. gxf4 Nb7 46. Ba4
Nc5 47. Bc2 a4 48. Kg3 a3 49. Bb1 Nxd3 50. Kf3 Nc5 51. Ke2 Kf6 52. Kd2 Ke6 53.
Ke2 Kd6 54. h4 Ke6 55. Kd2 Kf6 56. Kc1 d3 57. Kd2 Kf5 58. Ke3 Kg4 0-1

[Event "4NCL/Div4/GLOSG vs. ANGA"]
[Site "West Bromwich ENG"]
[Date "2006.12.02"]
[Round "3.1"]
[White "Hosken, Nigel"]
[Black "Gregory, Stephen J"]
[Result "0-1"]
[WhiteElo "2008"]
[BlackElo "2137"]
[PlyCount "92"]
[EventDate "2006.12.02"]
[EventType "team"]
[EventRounds "11"]
[EventCountry "ENG"]
[WhiteTeam "Glos Gambits"]
[BlackTeam "Ang Avengers"]

1. d4 Nf6 2. c4 Nc6 3. Nf3 d6 4. Nc3 e5 5. e4 Bg4 6. d5 Nd4 7. Be2 Nxe2 8. Qxe2
Be7 9. Be3 c6 10. O-O O-O 11. b4 cxd5 12. cxd5 a5 13. b5 a4 14. a3 Qa5 15. Rfc1
Rfc8 16. Qd3 Nd7 17. Na2 Qd8 18. Qd2 f5 19. exf5 Bxf5 20. Qb4 Bc2 21. Nc3 Bb3
22. Nd2 Rxc3 23. Qxc3 Bxd5 24. Qc7 Qe8 25. f3 Nf8 26. Ne4 Ne6 27. Qb6 Qg6 28.
Ng3 h5 29. Rd1 Bb3 30. Qxb7 Re8 31. Rd2 h4 32. Ne4 h3 33. Qd7 d5 34. Nd6 Bxd6
35. Qxd6 d4 36. Qxe5 dxe3 37. Qxe3 Ng5 38. Qf2 hxg2 39. Qg3 Qf6 40. Kxg2 Qxa1
41. Qxg5 Qxa3 42. h4 Qe7 43. Qg3 a3 44. Qf2 a2 45. Rxa2 Bxa2 46. Qxa2+ Qe6 0-1

[Event "4NCL/Div4/GLOSG vs. ANGA"]
[Site "West Bromwich ENG"]
[Date "2006.12.02"]
[Round "3.2"]
[White "Munson, Shaun D"]
[Black "Ponter, Ian"]
[Result "1-0"]
[WhiteElo "2208"]
[BlackElo "2045"]
[PlyCount "165"]
[EventDate "2006.12.02"]
[EventType "team"]
[EventRounds "11"]
[EventCountry "ENG"]
[WhiteTeam "Ang Avengers"]
[BlackTeam "Glos Gambits"]

1. d4 d5 2. Bg5 h6 3. Bh4 c6 4. Nc3 Qb6 5. Rb1 Bf5 6. e3 e6 7. Bd3 Be7 8. Bxf5
exf5 9. Bxe7 Nxe7 10. Qf3 Nd7 11. Nge2 Nf6 12. O-O Ne4 13. Nxe4 fxe4 14. Qh5
Qc7 15. Rbc1 g6 16. Qh4 Nf5 17. Qh3 Nd6 18. f3 Qe7 19. fxe4 Nxe4 20. Nf4 Ng5
21. Qg3 O-O 22. Rce1 Rae8 23. Re2 Kg7 24. Nd3 f6 25. Nf2 Qb4 26. Nd3 Qe7 27. a3
Qd7 28. Nf4 Qf7 29. Nd3 Ne4 30. Qf4 Qe7 31. Qh4 Nd6 32. Qe1 Ne4 33. Nf4 Qd7 34.
Rf3 Re7 35. Rh3 Qg4 36. Rf3 Rfe8 37. Nd3 h5 38. h3 Qg5 39. c3 h4 40. Nf4 Ng3
41. Rd2 Re4 42. Qf2 R4e7 43. Rd1 Qh6 44. Re1 g5 45. Nd3 Ne4 46. Qc2 Qg6 47.
Ref1 Re6 48. Qd1 Ng3 49. Re1 b6 50. Nf2 Nf5 51. Ng4 Ng3 52. Qd2 R8e7 53. Rc1
Ne4 54. Qd1 Nd6 55. b3 Nf5 56. Qd2 Ng3 57. c4 Rd7 58. cxd5 Rxd5 59. b4 f5 60.
Nf2 Ne4 61. Nxe4 Rxe4 62. Qc2 g4 63. hxg4 fxg4 64. Rff1 Re6 65. Qf2 Rd8 66.
Qxh4 Rh8 67. Qg3 Qh5 68. Qc7+ Kg8 69. Rxc6 Rh7 70. Qf4 Re8 71. Rf6 Qh1+ 72. Kf2
Qh4+ 73. Ke2 Rhe7 74. Rf8+ Rxf8 75. Qxf8+ Kh7 76. Qf5+ Kg7 77. Rf4 Rxe3+ 78.
Kxe3 Qe1+ 79. Kd3 Qb1+ 80. Kc4 Qa2+ 81. Kb5 Qe2+ 82. Kc6 Qc4+ 83. Kb7 1-0

[Event "4NCL/Div4/GLOSG vs. ANGA"]
[Site "West Bromwich ENG"]
[Date "2006.12.02"]
[Round "3.3"]
[White "Lambourne, Daniel M"]
[Black "Ruthen, Steven"]
[Result "1/2-1/2"]
[WhiteElo "2080"]
[BlackElo "2110"]
[PlyCount "33"]
[EventDate "2006.12.02"]
[EventType "team"]
[EventRounds "11"]
[EventCountry "ENG"]
[WhiteTeam "Glos Gambits"]
[BlackTeam "Ang Avengers"]

1. c4 f5 2. Nf3 Nf6 3. Nc3 d6 4. d4 e6 5. g3 Be7 6. Bg2 O-O 7. O-O Qe8 8. Qc2
Nbd7 9. e4 fxe4 10. Nxe4 Nxe4 11. Qxe4 Nf6 12. Qc2 Qh5 13. h4 Ng4 14. Qe4 Nf6
15. Qe3 Ng4 16. Qe4 Nf6 17. Qe3 1/2-1/2

[Event "4NCL/Div4/GLOSG vs. ANGA"]
[Site "West Bromwich ENG"]
[Date "2006.12.02"]
[Round "3.4"]
[White "Reynolds, D Ian"]
[Black "Dodwell, Phil"]
[Result "1-0"]
[WhiteElo "2093"]
[BlackElo "2065"]
[PlyCount "85"]
[EventDate "2006.12.02"]
[EventType "team"]
[EventRounds "11"]
[EventCountry "ENG"]
[WhiteTeam "Ang Avengers"]
[BlackTeam "Glos Gambits"]

1. e4 e5 2. Nf3 Nc6 3. d4 exd4 4. Nxd4 Nf6 5. Nxc6 bxc6 6. e5 Qe7 7. Qe2 Nd5 8.
c4 Qb4+ 9. Nd2 Nf4 10. Qe4 Ne6 11. Be2 Bb7 12. a3 Qb6 13. Nf3 Be7 14. Be3 c5
15. Qd3 Qc6 16. O-O-O O-O-O 17. Ne1 d6 18. Qf5 Rhf8 19. Bf3 Qa4 20. Bxb7+ Kxb7
21. Qe4+ Qc6 22. Qxc6+ Kxc6 23. Nd3 f6 24. exd6 Bxd6 25. f4 f5 26. Rhe1 Rfe8
27. g3 g6 28. Kc2 a6 29. b4 Nd4+ 30. Bxd4 cxd4 31. c5 Bf8 32. Ne5+ Kb5 33. Kb3
a5 34. a4+ Ka6 35. b5+ Kb7 36. Kc4 Bg7 37. Nc6 Ra8 38. Nxa5+ Rxa5 39. Rxe8
Rxa4+ 40. Kb3 Ra5 41. Kb4 Ra2 42. c6+ Ka7 43. Rd3 1-0

[Event "4NCL/Div4/GLOSG vs. ANGA"]
[Site "West Bromwich ENG"]
[Date "2006.12.02"]
[Round "3.5"]
[White "Martin, Peter"]
[Black "Wallis, Ian"]
[Result "1/2-1/2"]
[WhiteElo "2028"]
[BlackElo "2075"]
[PlyCount "96"]
[EventDate "2006.12.02"]
[EventType "team"]
[EventRounds "11"]
[EventCountry "ENG"]
[WhiteTeam "Glos Gambits"]
[BlackTeam "Ang Avengers"]

1. d4 d5 2. Nf3 Nc6 3. Bg5 Bg4 4. Nbd2 Nf6 5. e3 Ne4 6. Bh4 g5 7. Bg3 Bg7 8.
Bd3 Nxg3 9. hxg3 h6 10. c3 Qd6 11. Qa4 Bd7 12. Qc2 e5 13. dxe5 Nxe5 14. Nxe5
Qxe5 15. O-O-O O-O-O 16. Nf3 Qd6 17. Bf5 Bxf5 18. Qxf5+ Qe6 19. Nd4 Bxd4 20.
Qxe6+ fxe6 21. exd4 Rdf8 22. f3 Kd7 23. Rde1 Rf6 24. Re5 Rg6 25. g4 Kd6 26. Kd2
b6 27. b4 c6 28. Kd3 Ra8 29. Rb1 Rgg8 30. Re2 Rh8 31. Rbe1 Rhe8 32. Rh1 Rh8 33.
Ke3 a5 34. a3 axb4 35. axb4 Ra3 36. Kd3 Raa8 37. g3 Rhf8 38. Rf2 Rf6 39. f4
Raf8 40. Ke3 Rg8 41. f5 Rgf8 42. Kd2 Ra8 43. Kd3 c5 44. bxc5+ bxc5 45. Rb2 Ra6
46. Rhh2 cxd4 47. Kxd4 Rc6 48. Rb4 Ra6 1/2-1/2

[Event "4NCL/Div4/GLOSG vs. ANGA"]
[Site "West Bromwich ENG"]
[Date "2006.12.02"]
[Round "3.6"]
[White "Gray, Mark S"]
[Black "Taylor, Geoffrey P"]
[Result "1-0"]
[WhiteElo "2083"]
[BlackElo "2071"]
[PlyCount "57"]
[EventDate "2006.12.02"]
[EventType "team"]
[EventRounds "11"]
[EventCountry "ENG"]
[WhiteTeam "Ang Avengers"]
[BlackTeam "Glos Gambits"]

1. e4 c5 2. d4 cxd4 3. c3 d3 4. Bxd3 Nc6 5. c4 g6 6. Nf3 Bg7 7. Nc3 d6 8. h3
Nf6 9. O-O O-O 10. Bg5 h6 11. Be3 Kh7 12. Qd2 Bd7 13. Rad1 Qc8 14. Nd5 Ne5 15.
Nxe5 Nxd5 16. Nxd7 Nxe3 17. Nxf8+ Bxf8 18. Qxe3 Bg7 19. b3 a5 20. Be2 Qc7 21.
f4 Bb2 22. f5 g5 23. Bh5 Ba3 24. Qd3 f6 25. Kh1 Rf8 26. Qd5 Kg7 27. Qe6 b6 28.
e5 fxe5 29. Qg6+ 1-0

[Event "4NCL/Div4/NOTT2 vs. GREN"]
[Site "West Bromwich ENG"]
[Date "2006.12.02"]
[Round "3.1"]
[White "Wright, Antony J"]
[Black "Pugh, Derek C"]
[Result "1/2-1/2"]
[WhiteElo "2020"]
[BlackElo "2155"]
[PlyCount "83"]
[EventDate "2006.12.02"]
[EventType "team"]
[EventRounds "11"]
[EventCountry "ENG"]
[WhiteTeam "Notts 2"]
[BlackTeam "Grendels Mother"]

1. d4 Nc6 2. Nf3 d5 3. Bf4 Bg4 4. e3 f6 5. Be2 e6 6. h3 Bh5 7. O-O Bd6 8. Bxd6
Qxd6 9. Nbd2 Nge7 10. c4 O-O 11. c5 Qd7 12. Qa4 Be8 13. Bb5 Rd8 14. Qa3 a6 15.
Ba4 Qc8 16. Bc2 Ng6 17. Qc3 Qd7 18. b4 Qe7 19. a4 Nb8 20. Rfe1 c6 21. e4 Nf4
22. e5 Nd7 23. Qe3 fxe5 24. dxe5 Bh5 25. a5 Rf7 26. Kh2 Rdf8 27. Ra3 Nxg2 28.
Kxg2 Bxf3+ 29. Nxf3 Rxf3 30. Qxf3 Rxf3 31. Rxf3 Qg5+ 32. Kf1 Qd2 33. Bd1 Nxe5
34. Rxe5 Qxd1+ 35. Kg2 Qd2 36. Rxe6 h6 37. Rg3 Kf7 38. Rd6 Qxb4 39. Rd7+ Kf6
40. Rgxg7 Qe4+ 41. Kg3 Qe5+ 42. Kg2 1/2-1/2

[Event "4NCL/Div4/NOTT2 vs. GREN"]
[Site "West Bromwich ENG"]
[Date "2006.12.02"]
[Round "3.2"]
[White "Osborne, David C"]
[Black "Thompson, Brian"]
[Result "1/2-1/2"]
[WhiteElo "2135"]
[BlackElo "2000"]
[PlyCount "84"]
[EventDate "2006.12.02"]
[EventType "team"]
[EventRounds "11"]
[EventCountry "ENG"]
[WhiteTeam "Grendels Mother"]
[BlackTeam "Notts 2"]

1. e4 c5 2. Nc3 Nc6 3. g3 g6 4. Bg2 Bg7 5. d3 Nf6 6. Nh3 d6 7. f4 Bg4 8. Qd2
Nd4 9. Ng1 O-O 10. h3 Be6 11. Nd1 Rc8 12. c3 Nc6 13. Ne2 b5 14. O-O b4 15. c4
Ne8 16. f5 Bd7 17. Qc2 e6 18. fxe6 Bxe6 19. Be3 Nc7 20. Nf2 Bd7 21. Nf4 Nd4 22.
Bxd4 Bxd4 23. Rae1 Qg5 24. Kh2 Be5 25. h4 Qh6 26. N2h3 Rce8 27. b3 Re7 28. Qf2
f6 29. Qe3 Rg7 30. Nd5 Qxe3 31. Nxe3 a5 32. Nf4 Ra8 33. Nfd5 Nxd5 34. Nxd5 Rf7
35. Bh3 Bxh3 36. Kxh3 Ra6 37. g4 a4 38. g5 axb3 39. axb3 Ra3 40. Rb1 fxg5 41.
Rxf7 Kxf7 42. hxg5 Ra1 1/2-1/2

[Event "4NCL/Div4/NOTT2 vs. GREN"]
[Site "West Bromwich ENG"]
[Date "2006.12.02"]
[Round "3.3"]
[White "Harrison, John"]
[Black "Bass, John W"]
[Result "1/2-1/2"]
[WhiteElo "2000"]
[BlackElo "2095"]
[PlyCount "27"]
[EventDate "2006.12.02"]
[EventType "team"]
[EventRounds "11"]
[EventCountry "ENG"]
[WhiteTeam "Notts 2"]
[BlackTeam "Grendels Mother"]

1. d4 d5 2. c4 dxc4 3. e4 e5 4. Nf3 exd4 5. Bxc4 Bb4+ 6. Nbd2 Nc6 7. O-O Bxd2
8. Bxd2 Nge7 9. Bg5 O-O 10. Nxd4 Nxd4 11. Bxe7 Qxe7 12. Qxd4 Rd8 13. Qe3 Be6
14. Bxe6 1/2-1/2

[Event "4NCL/Div4/NOTT2 vs. GREN"]
[Site "West Bromwich ENG"]
[Date "2006.12.02"]
[Round "3.4"]
[White "Hardy, Roger"]
[Black "Graham, Neil"]
[Result "1/2-1/2"]
[WhiteElo "2033"]
[BlackElo "1915"]
[PlyCount "34"]
[EventDate "2006.12.02"]
[EventType "team"]
[EventRounds "11"]
[EventCountry "ENG"]
[WhiteTeam "Grendels Mother"]
[BlackTeam "Notts 2"]

1. d4 Nf6 2. c4 e5 3. dxe5 Ne4 4. Nf3 Bb4+ 5. Bd2 Nxd2 6. Nbxd2 Nc6 7. a3 Bf8
8. e3 Qe7 9. Be2 Nxe5 10. O-O g6 11. Nxe5 Qxe5 12. Rb1 Bg7 13. Nf3 Qe7 14. Qd2
O-O 15. Nd4 a6 16. Bf3 Rb8 17. Ne2 d6 1/2-1/2

[Event "4NCL/Div4/NOTT2 vs. GREN"]
[Site "West Bromwich ENG"]
[Date "2006.12.02"]
[Round "3.5"]
[White "Lakhani, Anjali"]
[Black "Hibbitt, Arthur M"]
[Result "0-1"]
[WhiteElo "1830"]
[BlackElo "1895"]
[PlyCount "96"]
[EventDate "2006.12.02"]
[EventType "team"]
[EventRounds "11"]
[EventCountry "ENG"]
[WhiteTeam "Notts 2"]
[BlackTeam "Grendels Mother"]

1. e4 c5 2. Nf3 Nc6 3. d4 cxd4 4. Nxd4 Qb6 5. Nb3 Nf6 6. Nc3 a5 7. Be3 Qc7 8.
Be2 e6 9. Qd2 Bb4 10. f3 d5 11. a3 Bxc3 12. Qxc3 dxe4 13. fxe4 O-O 14. Bf3 Qe5
15. Qxe5 Nxe5 16. O-O-O Nxf3 17. gxf3 e5 18. Rhg1 Re8 19. Rd6 Nh5 20. Rgd1 Bh3
21. Nc5 Bg2 22. Nxb7 Bxf3 23. Rf1 Bxe4 24. Nc5 Bg6 25. Na6 Rac8 26. Rf2 Nf6 27.
Rg2 Ne4 28. Rd7 f5 29. Nc7 Nf6 30. Nxe8 Nxd7 31. Nd6 Rc6 32. Nb5 f4 33. Bg1 e4
34. Nc3 e3 35. Rg4 e2 36. Nxe2 Rxc2+ 37. Kd1 f3 38. Nf4 f2 39. Bxf2 Rxf2 40.
Nxg6 hxg6 41. Rxg6 Rxb2 42. h4 Ra2 43. Rd6 Nc5 44. Rd8+ Kh7 45. Ra8 Rh2 46.
Rxa5 Ne4 47. a4 Rxh4 48. Ra7 Nc3+ 0-1

[Event "4NCL/Div4/LMAO1 vs. OXF3"]
[Site "West Bromwich ENG"]
[Date "2006.12.02"]
[Round "3.1"]
[White "Poobalasingam, Peter"]
[Black "Terry, Sean"]
[Result "1-0"]
[WhiteElo "2077"]
[BlackElo "2040"]
[PlyCount "35"]
[EventDate "2006.12.02"]
[EventType "team"]
[EventRounds "11"]
[EventCountry "ENG"]
[WhiteTeam "London Mstrs 1"]
[BlackTeam "Oxford 3"]

1. d4 Nf6 2. c4 Nc6 3. Nf3 e6 4. g3 b6 5. Bg2 Bb7 6. O-O Na5 7. Nbd2 Be7 8. a3
Ne4 9. Qc2 f5 10. b4 Nxd2 11. Bxd2 Nc6 12. d5 Nb8 13. Rad1 Bf6 14. Bc3 Bxc3 15.
Qxc3 Qf6 16. Qxf6 gxf6 17. Nd4 Ke7 18. d6+ 1-0

[Event "4NCL/Div4/LMAO1 vs. OXF3"]
[Site "West Bromwich ENG"]
[Date "2006.12.02"]
[Round "3.2"]
[White "Morris, Graham"]
[Black "Schlesinger, Noah W"]
[Result "0-1"]
[WhiteElo "2035"]
[BlackElo "1935"]
[PlyCount "66"]
[EventDate "2006.12.02"]
[EventType "team"]
[EventRounds "11"]
[EventCountry "ENG"]
[WhiteTeam "Oxford 3"]
[BlackTeam "London Mstrs 1"]

1. e4 e6 2. d3 b6 3. g3 Bb7 4. Bg2 c5 5. Nf3 Nc6 6. O-O Nf6 7. Re1 Be7 8. c3
O-O 9. Nbd2 d5 10. e5 Nd7 11. Nf1 Qc7 12. Bf4 b5 13. h4 b4 14. h5 bxc3 15. bxc3
Qa5 16. Qd2 f6 17. Rab1 Ba6 18. exf6 Bxf6 19. Rxe6 Bxc3 20. Qc2 Rac8 21. Bh3
Nf6 22. h6 g6 23. N1h2 Nh5 24. Bd6 Nd4 25. Nxd4 Bxd4 26. Be5 Rxf2 27. Qxf2
Bxf2+ 28. Kxf2 Qd2+ 29. Kg1 Qe3+ 30. Kh1 Bxd3 31. Nf1 Be4+ 32. Bg2 Bxg2+ 33.
Kxg2 Qe4+ 0-1

[Event "4NCL/Div4/LMAO1 vs. OXF3"]
[Site "West Bromwich ENG"]
[Date "2006.12.02"]
[Round "3.3"]
[White "Walker, Samuel"]
[Black "Levicki, Jeffrey"]
[Result "1/2-1/2"]
[WhiteElo "1910"]
[BlackElo "1950"]
[PlyCount "91"]
[EventDate "2006.12.02"]
[EventType "team"]
[EventRounds "11"]
[EventCountry "ENG"]
[WhiteTeam "London Mstrs 1"]
[BlackTeam "Oxford 3"]

1. c4 Nf6 2. g3 g6 3. Bg2 Bg7 4. Nc3 O-O 5. e4 d6 6. Nge2 e5 7. O-O Nc6 8. h3
Be6 9. d3 Qc8 10. Kh2 Ne8 11. f4 f5 12. Rb1 Nf6 13. Nd5 Nd7 14. Nec3 fxe4 15.
dxe4 Nb6 16. Qd3 Kh8 17. b3 Nd7 18. Be3 exf4 19. gxf4 a6 20. Rf2 Rf7 21. Rbf1
Nf6 22. Nxf6 Bxf6 23. Nd5 Bg7 24. f5 Ne5 25. Qc2 Bxd5 26. exd5 Qd8 27. fxg6
Rxf2 28. Rxf2 Nxg6 29. Qf5 Qe7 30. Bg5 Qe5+ 31. Qxe5 Nxe5 32. Be4 Re8 33. Bf5
Rf8 34. Kg2 Bf6 35. Be6 Kg7 36. Bxf6+ Rxf6 37. Rxf6 Kxf6 38. Bc8 b6 39. Bxa6
Nd3 40. Bc8 Nc1 41. Bg4 Nxa2 42. Kg3 h6 43. Kh4 Nc1 44. Bd1 Nd3 45. Bc2 Nf4 46.
Kg4 1/2-1/2

[Event "4NCL/Div4/LMAO1 vs. OXF3"]
[Site "West Bromwich ENG"]
[Date "2006.12.02"]
[Round "3.4"]
[White "Smith, Jonathan"]
[Black "Walker, Colin M"]
[Result "1/2-1/2"]
[WhiteElo "1910"]
[BlackElo "1910"]
[PlyCount "93"]
[EventDate "2006.12.02"]
[EventType "team"]
[EventRounds "11"]
[EventCountry "ENG"]
[WhiteTeam "Oxford 3"]
[BlackTeam "London Mstrs 1"]

1. e4 c5 2. Nf3 g6 3. d4 cxd4 4. Nxd4 Nc6 5. c4 Nf6 6. Nc3 d6 7. Be2 Nxd4 8.
Qxd4 Bg7 9. Qd3 O-O 10. O-O Be6 11. f3 a5 12. Be3 a4 13. Rac1 Nd7 14. Bd4 Ne5
15. Qd1 Qa5 16. Nd5 Bxd5 17. cxd5 Rfc8 18. Bc3 Qb6+ 19. Kh1 Bh6 20. Bd4 Rxc1
21. Bxb6 Rxd1 22. Rxd1 Rc8 23. Bb5 Rc2 24. Bxa4 Rxb2 25. Bb3 Nc4 26. Bd4 Rd2
27. Rxd2 Nxd2 28. Ba4 Nc4 29. Bb5 Be3 30. Bxe3 Nxe3 31. Bd3 Nd1 32. Kg1 Nc3 33.
a3 Kf8 34. Kf2 Ke8 35. Ke3 Kd8 36. Kd4 Na4 37. Bb5 Nc5 38. h4 f6 39. f4 h6 40.
g4 g5 41. fxg5 fxg5 42. hxg5 hxg5 43. e5 Kc7 44. Kc4 Kb6 45. exd6 exd6 46. Kb4
Kc7 47. Be2 1/2-1/2